00491nam a2200193 a 4500001001300000003000900013005001700022008004100039020000800080082001500088100002100103245002600124260003000150300000900180500003500189505003100224650002100255700002100276nice12345678IN_TiNIC20260116011442.0050524s1961 lona grp 000 0 eng  ac000a181.4bRAD aRadhakrishnan, S aIdealist View of Life aLondonbUnwin Booksc1961 a280p aincludes index and biblioraphy2 aIllus, Bibliography, Index aPhilosophy-Hindu1 aRadhakrishnan, S